| 000 | 01213nam a2200313 c 4500 | ||
|---|---|---|---|
| 003 | BLK | ||
| 005 | 20180422114452.0 | ||
| 008 | 180411b bul|||||r ||||||| ||bul|| | ||
| 010 | _aKNG00179832000 | ||
| 040 | _aBLK | ||
| 041 |
_aBUL _cBUL |
||
| 080 |
_aБългарска литература _b821.163.2 _x-94 _z821.163.2-94 |
||
| 100 | 1 |
_aОхридски, Иван _eпърви автор _9327543 |
|
| 700 | 1 |
_aСтоянов, Стоян Ганчев _eхудож. _9373335 |
|
| 139 |
_aОхридски, Иван _bО 97 |
||
| 245 | 1 | 0 |
_aСтръмни пътеки _bЗаписки на един контраразузнавач : За средна училищна възраст _cИван Охридски; худож. Стоян Ганчев Стоянов. |
| 257 | _aBGR | ||
| 260 |
_аСофия _bНар. младеж _c1979 _fВ. Търново : Д. Найденов |
||
| 300 |
_a96 с. _bс ил. _c20 см |
||
| 380 | _aX | ||
| 500 | _a40 141 тир. | ||
| 653 | _aконтраразузнаване | ||
| 653 | _aспомени | ||
| 852 | _aЦб 102138 | ||
| 856 | 4 |
_qpdf _u |
|
| 856 | 4 |
_qpdf _u |
|
| 942 |
_cKNG _n0 |
||
| 944 |
_aCR _c14.08.2015 _kКети_Илиева |
||
| 944 |
_aED _c15.09.2017 _kМилена_Ачева |
||
| 999 |
_c171553 _d171553 |
||